000 01015nam a2200217 i 4500
001 189615
003 SpMaBN
005 20250815110945.0
008 190703s1869 fr bf |||| | fre d
100 1 _aÉlie de Beaumont, Léonce,
_d1798-1874
_946988
245 1 0 _aRapport sur les progrés de la stratigraphie /
_cpar M. L. Élie de Beaumont.
260 _aParis :
_bLib. de L. Hachette et Cie.,
_c1869.
300 _a572 p., [2] mapas pleg. ;
_c27 cm.
490 1 _aRecueil de rapports sur l'état des lettres et les progrés des sciences en France
500 _aÍndice.
650 4 _aEstratigrafía-
_zFrancia.
_9167450
650 7 _aGeología-
_zFrancia
_2
_9157288
830 0 _aRecueil de rapports sur l'état des lettres et les progrés des sciences en France
_9225840
852 _aES-MaACL
_jL-32451(1)
_z- Enc. cart.
_z. - Legado Federico de Botella y de Hornos
_z- Enc. en un vol. facticio, con tít. en el lomo de: Rapport sur les progrés de la stratigraphie
999 _c189615
_d189615